00303nam a2200121Ia 4500008004100000020002200041041000800063082002200071100002000093245002200113260003700135300000900172230411s9999 xx 000 0 und d a978-81-8448-934-7 aeng aSO/301/PUR/B06092 aPurushothama GS aNursing Sociology bJaypee BrothersaBengaluruc2010 a372p